[Event "Oberfranken-ch"]
[Site "Schney"]
[Date "2019.01.06"]
[Round "7"]
[White "Sesselmann, Moritz"]
[Black "Brueckner, Klaus"]
[Result "1/2-1/2"]
[WhiteElo "1610"]
[BlackElo "1892"]
[PlyCount "58"]
[EventDate "2019.01.03"]
[EventType "swiss"]
[EventRounds "7"]
[EventCountry "GER"]
[SourceTitle "CBM 188 Extra"]
[Source "ChessBase"]
[SourceDate "2019.02.26"]
[SourceVersion "1"]
[SourceVersionDate "2019.02.26"]
[SourceQuality "1"]

1. c4 c5 2. Nf3 Nc6 3. Nc3 g6 4. g3 Bg7 5. Bg2 e6 6. e3 Nge7 7. 0-0 d5 8. cxd5 exd5 9. d4 cxd4 10. Nxd4 Nxd4 11. exd4 0-0 12. Bg5 f6 13. Be3 Be6 14. Re1 Bf7 15. Qb3 Qd7 16. Rac1 Rfd8 17. Qb5 Qxb5 18. Nxb5 Nc6 19. Rc5 Bf8 20. Rc2 a6 21. Nc3 f5 22. a3 Bg7 23. Rd1 h6 24. Na4 Re8 25. b4 g5 26. Nc5 Re7 27. Nxb7 Nxb4 28. axb4 Rxb7 29. Rc5 Rd8 1/2-1/2

[Event "Oberfranken-ch"]
[Site "Schney"]
[Date "2019.01.03"]
[Round "2"]
[White "Brueckner, Klaus"]
[Black "Rebhan, Gilbert Andre"]
[Result "1/2-1/2"]
[WhiteElo "1892"]
[BlackElo "1923"]
[PlyCount "39"]
[EventDate "2019.01.03"]
[EventType "swiss"]
[EventRounds "7"]
[EventCountry "GER"]
[SourceTitle "CBM 188 Extra"]
[Source "ChessBase"]
[SourceDate "2019.02.26"]
[SourceVersion "1"]
[SourceVersionDate "2019.02.26"]
[SourceQuality "1"]

1. d4 d6 2. e4 Nf6 3. Bd3 e5 4. d5 Be7 5. Ne2 c6 6. c4 0-0 7. Nbc3 cxd5 8. cxd5 Nbd7 9. Ng3 Ne8 10. 0-0 g6 11. Bh6 Ng7 12. Rc1 a6 13. Qd2 Nf6 14. f3 Bd7 15. Nd1 Rc8 16. Ne3 Rxc1 17. Rxc1 Qb6 18. Kh1 Rc8 19. Nc4 Qd8 20. Be3 1/2-1/2

[Event "Oberfranken-ch"]
[Site "Schney"]
[Date "2019.01.03"]
[Round "1"]
[White "Stephan, Thanh Hai"]
[Black "Brueckner, Klaus"]
[Result "0-1"]
[WhiteElo "1202"]
[BlackElo "1892"]
[PlyCount "32"]
[EventDate "2019.01.03"]
[EventType "swiss"]
[EventRounds "7"]
[EventCountry "GER"]
[SourceTitle "CBM 188 Extra"]
[Source "ChessBase"]
[SourceDate "2019.02.26"]
[SourceVersion "1"]
[SourceVersionDate "2019.02.26"]
[SourceQuality "1"]

1. e4 e5 2. Nf3 Nc6 3. Bc4 Bc5 4. Nc3 d6 5. d3 Bg4 6. Be3 Nd4 7. Bxd4 exd4 8. Na4 Bb4+ 9. c3 dxc3 10. bxc3 Ba5 11. Qb3 Nh6 12. Qb5+ c6 13. Qxb7 0-0 14. Qxc6 Bd7 15. Bxf7+ Nxf7 16. Qc4 Bxa4 0-1

[Event "Oberfranken-ch"]
[Site "Schney"]
[Date "2018.01.05"]
[Round "6"]
[White "Hornung, Wolfgang"]
[Black "Brueckner, Klaus"]
[Result "0-1"]
[WhiteElo "1807"]
[BlackElo "1893"]
[PlyCount "34"]
[EventDate "2018.01.03"]
[EventType "swiss"]
[EventRounds "7"]
[EventCountry "GER"]
[SourceTitle "CBM 182 Extra"]
[Source "ChessBase"]
[SourceDate "2018.02.23"]
[SourceVersion "1"]
[SourceVersionDate "2018.02.23"]
[SourceQuality "1"]

1. e4 e5 2. Nf3 Nc6 3. Bb5 a6 4. Ba4 Nf6 5. d3 d6 6. h3 Be7 7. c3 0-0 8. 0-0 b5 9. Bc2 d5 10. Bg5 h6 11. Bxf6 Bxf6 12. Qe2 Re8 13. Nbd2 Ne7 14. b4 Ng6 15. Nb3 Nf4 16. Qe3 Bg5 17. Kh1 Nxg2 0-1

[Event "Oberfranken-ch"]
[Site "Schney"]
[Date "2018.01.04"]
[Round "3"]
[White "Brueckner, Klaus"]
[Black "Birke, Stefanie"]
[Result "1/2-1/2"]
[WhiteElo "1893"]
[BlackElo "1410"]
[PlyCount "59"]
[EventDate "2018.01.03"]
[EventType "swiss"]
[EventRounds "7"]
[EventCountry "GER"]
[SourceTitle "CBM 182 Extra"]
[Source "ChessBase"]
[SourceDate "2018.02.23"]
[SourceVersion "1"]
[SourceVersionDate "2018.02.23"]
[SourceQuality "1"]

1. d4 g6 2. c4 b6 3. Nc3 Bg7 4. e4 d6 5. f4 e6 6. Nf3 Bb7 7. Bd3 Nc6 8. Be3 Nf6 9. h3 0-0 10. Qd2 Ne7 11. 0-0-0 Rc8 12. Kb1 Qd7 13. g4 h6 14. Rdg1 d5 15. cxd5 exd5 16. e5 Ne4 17. Qc2 c5 18. Nd2 Nxc3+ 19. bxc3 c4 20. Bf1 a5 21. h4 Rb8 22. Bh3 Qb5+ 23. Kc1 Bc8 24. f5 f6 25. e6 Qe8 26. Nf3 b5 27. g5 h5 28. Bf4 Rb7 29. Bd6 b4 30. gxf6 1/2-1/2

[Event "Oberfranken-ch"]
[Site "Schney"]
[Date "2018.01.03"]
[Round "1"]
[White "Brueckner, Klaus"]
[Black "Koch, Christian1111"]
[Result "0-1"]
[WhiteElo "1893"]
[BlackElo "1965"]
[PlyCount "66"]
[EventDate "2018.01.03"]
[EventType "swiss"]
[EventRounds "7"]
[EventCountry "GER"]
[SourceTitle "CBM 182 Extra"]
[Source "ChessBase"]
[SourceDate "2018.02.23"]
[SourceVersion "1"]
[SourceVersionDate "2018.02.23"]
[SourceQuality "1"]

1. c4 Nf6 2. g3 e6 3. Bg2 d5 4. Nc3 c5 5. d3 Be7 6. Qb3 Nc6 7. cxd5 Nd4 8. Qa4+ b5 9. Nxb5 Bd7 10. d6 Bxb5 11. dxe7 Bxa4 12. exd8Q+ Rxd8 13. Rb1 Bc2 14. Ra1 Bxd3 15. exd3 Nc2+ 16. Kd2 Nxa1 17. b3 Ng4 18. Bc6+ Ke7 19. Nh3 Ne5 20. Bb5 Nf3+ 21. Kc3 Nc2 22. Ng5 Nfd4 23. Bc4 Nb4 24. Kb2 Rd7 25. Ne4 Rc8 26. f4 f5 27. Nf2 a5 28. Be3 Ra8 29. a4 Kd6 30. Bd2 Nbc6 31. Bc3 Rb7 32. Ka2 Rab8 33. Rf1 Nb4+ 0-1

[Event "Oberfranken-ch"]
[Site "Schney"]
[Date "2018.01.03"]
[Round "2"]
[White "Rebhan, Gilbert Andre"]
[Black "Brueckner, Klaus"]
[Result "1/2-1/2"]
[WhiteElo "1895"]
[BlackElo "1893"]
[PlyCount "72"]
[EventDate "2018.01.03"]
[EventType "swiss"]
[EventRounds "7"]
[EventCountry "GER"]
[SourceTitle "CBM 182 Extra"]
[Source "ChessBase"]
[SourceDate "2018.02.23"]
[SourceVersion "1"]
[SourceVersionDate "2018.02.23"]
[SourceQuality "1"]

1. d4 d5 2. Bf4 e6 3. Nf3 c5 4. e3 Nc6 5. c3 Nf6 6. Bd3 Be7 7. h3 Bd6 8. Bxd6 Qxd6 9. Nbd2 b6 10. Qe2 cxd4 11. exd4 0-0 12. Ne5 Bb7 13. 0-0 Nd7 14. f4 f6 15. Qh5 f5 16. g4 Nf6 17. Qh4 Ne4 18. Ndf3 Nxe5 19. Nxe5 a5 20. Rae1 Ba6 21. Bxa6 Rxa6 22. Re2 b5 23. Rg2 Qd8 24. g5 Qe7 25. Qh5 Rc8 26. g6 h6 27. Nf7 b4 28. Rf3 Qa7 29. Kh2 Rac6 30. Nxh6+ gxh6 31. g7 Nf6 32. Qxh6 Nh7 33. Qh5 Qf7 34. Qh4 Qf6 35. Qh5 Qf7 36. Qh4 Qf6 1/2-1/2

[Event "Oberfranken-ch"]
[Site "Schney"]
[Date "2017.01.04"]
[Round "3"]
[White "Schuepferling, Andreas"]
[Black "Brueckner, Klaus"]
[Result "1/2-1/2"]
[WhiteElo "2002"]
[BlackElo "1901"]
[PlyCount "149"]
[EventDate "2017.01.03"]
[EventType "swiss"]
[EventRounds "7"]
[EventCountry "GER"]
[SourceTitle "CBM 176 Extra"]
[Source "ChessBase"]
[SourceDate "2017.03.02"]
[SourceVersion "1"]
[SourceVersionDate "2017.03.02"]
[SourceQuality "1"]

1. e4 e5 2. Nf3 Nc6 3. Bc4 Nf6 4. d3 Bc5 5. 0-0 d6 6. c3 Bb6 7. h3 0-0 8. Bg5 h6 9. Bh4 g5 10. Bg3 Nh5 11. Kh2 Nxg3 12. fxg3 Be6 13. Nbd2 a6 14. Bxe6 fxe6 15. Qb3 Qd7 16. Nc4 Ba7 17. a4 Rab8 18. a5 Qg7 19. Ncd2 Nd8 20. Qa2 c6 21. Nc4 Nf7 22. Nb6 Bxb6 23. axb6 d5 24. Rae1 g4 25. Nd2 gxh3 26. gxh3 Kh7 27. Qb1 Qg5 28. Re2 Nd6 29. Nf3 Qg7 30. exd5 exd5 31. Nxe5 Rxf1 32. Qxf1 Rf8 33. Qe1 Re8 34. Ng4 Rxe2+ 35. Qxe2 Nc8 36. Qf2 Kh8 37. Qe3 Kh7 38. Kg2 Qg5 39. Qxg5 hxg5 40. Nf6+ Kg6 41. Nd7 Kf7 42. b3 a5 43. Kf3 Ke7 44. Nc5 Nxb6 45. Nxb7 a4 46. bxa4 Nxa4 47. Na5 c5 48. c4 dxc4 49. Nxc4 Kf6 50. Ke3 Ke6 51. Nd2 Kf5 52. Ne4 Kg6 53. g4 Kh6 54. Nf6 Kg6 55. Nd5 Kf7 56. Ke4 Ke6 57. Nc7+ Kd7 58. Nb5 Ke6 59. d4 cxd4 60. Nxd4+ Kf6 61. Ne2 Nc5+ 62. Kd5 Nd3 63. Ng1 Nf4+ 64. Ke4 Ne6 65. Ne2 Nc5+ 66. Kd4 Ne6+ 67. Kd5 Nc7+ 68. Ke4 Ne6 69. Ng3 Nc5+ 70. Kf3 Ne6 71. Ne2 Kg6 72. Kg3 Ng7 73. h4 gxh4+ 74. Kxh4 Nf5+ 75. gxf5+ 1/2-1/2

[Event "Oberfranken-ch"]
[Site "Schney"]
[Date "2016.01.03"]
[Round "1"]
[White "Beier, Klaus"]
[Black "Brueckner, Klaus"]
[Result "1-0"]
[WhiteElo "2130"]
[BlackElo "1898"]
[PlyCount "77"]
[EventDate "2016.01.03"]
[EventType "swiss"]
[EventRounds "7"]
[EventCountry "GER"]
[SourceTitle "CBM 170 Extra"]
[Source "ChessBase"]
[SourceDate "2016.02.25"]
[SourceVersion "1"]
[SourceVersionDate "2016.02.25"]
[SourceQuality "1"]

1. d4 d5 2. Nf3 e6 3. Bf4 c5 4. c3 Nc6 5. e3 Nf6 6. Bd3 c4 7. Bc2 Bd6 8. Nbd2 Qc7 9. Bxd6 Qxd6 10. 0-0 0-0 11. e4 Qf4 12. e5 Nd7 13. g3 Qg4 14. h4 f5 15. exf6 Nxf6 16. Qe1 h6 17. Qe3 Qh3 18. Nh2 Ne7 19. Ndf3 Nf5 20. Qf4 Nh5 21. Qe5 Nf6 22. Qf4 Nh5 23. Qd2 Nd6 24. Qe2 Nf6 25. Ne5 Nfe4 26. Rae1 b5 27. Ng6 Rf6 28. Qh5 Nxf2 29. Re3 Nfe4 30. Bxe4 Nxe4 31. Nf4 Qf5 32. Qe8+ Rf8 33. Qc6 Rb8 34. g4 Qf7 35. Nxd5 Qb7 36. Rxf8+ Kxf8 37. Rf3+ Kg8 38. Qe8+ Kh7 39. Rf8 1-0

[Event "Oberfranken-ch"]
[Site "Schney"]
[Date "2015.01.04"]
[Round "4"]
[White "Brueckner, Klaus"]
[Black "Hornung, Wolfgang"]
[Result "0-1"]
[WhiteElo "1926"]
[BlackElo "1658"]
[PlyCount "50"]
[EventDate "2015.01.03"]
[EventType "swiss"]
[EventRounds "7"]
[EventCountry "GER"]
[SourceTitle "CBM 164 Extra"]
[Source "ChessBase"]
[SourceDate "2015.03.02"]
[SourceVersion "1"]
[SourceVersionDate "2015.03.02"]
[SourceQuality "1"]

1. d4 Nf6 2. c4 e5 3. dxe5 Ng4 4. e4 Nxe5 5. f4 Ng6 6. a3 Bc5 7. b4 Bxg1 8. Rxg1 Qf6 9. Ra2 0-0 10. Rf2 Re8 11. Bd3 d6 12. Bb2 Qh4 13. g3 Qh3 14. Nc3 Bf5 15. Kd2 Bg4 16. Be2 Bxe2 17. Qxe2 c6 18. g4 Nd7 19. Rg3 Qh4 20. Qf3 Qe7 21. g5 Rad8 22. Qd3 Nc5 23. bxc5 dxc5 24. Nd5 cxd5 25. cxd5 Qxe4 0-1

[Event "Oberfranken-ch 1213"]
[Site "Schney"]
[Date "2013.01.05"]
[Round "5"]
[White "Straetker, Sebastian"]
[Black "Brueckner, Klaus"]
[Result "1/2-1/2"]
[WhiteElo "1695"]
[BlackElo "1843"]
[PlyCount "20"]
[EventDate "2013.01.03"]
[EventType "swiss"]
[EventRounds "7"]
[EventCountry "GER"]
[SourceTitle "EXT 2015"]
[Source "ChessBase"]
[SourceDate "2014.11.20"]
[SourceVersion "1"]
[SourceVersionDate "2014.11.20"]
[SourceQuality "1"]

1. d4 Nf6 2. c4 e5 3. dxe5 Ng4 4. Nf3 Bc5 5. e3 Nc6 6. Nc3 0-0 7. Be2 Ngxe5 8. 0-0 d6 9. b3 Re8 10. Bb2 Nxf3+ 1/2-1/2

[Event "Oberfranken-ch 1213"]
[Site "Schney"]
[Date "2013.01.03"]
[Round "1"]
[White "Grosshans, Ralf Michael"]
[Black "Brueckner, Klaus"]
[Result "1-0"]
[WhiteElo "2096"]
[BlackElo "1843"]
[PlyCount "52"]
[EventDate "2013.01.03"]
[EventType "swiss"]
[EventRounds "7"]
[EventCountry "GER"]
[SourceTitle "EXT 2015"]
[Source "ChessBase"]
[SourceDate "2014.11.20"]
[SourceVersion "1"]
[SourceVersionDate "2014.11.20"]
[SourceQuality "1"]

1. e4 e5 2. Nf3 Nc6 3. Bb5 a6 4. Ba4 d6 5. c3 Bd7 6. 0-0 Nge7 7. d4 Ng6 8. Re1 Be7 9. Nbd2 0-0 10. Nf1 Bf6 11. Ne3 Nce7 12. h3 b5 13. Bc2 Nf4 14. Ng4 Bxg4 15. hxg4 Nc6 16. g3 Nh3+ 17. Kg2 Ng5 18. Nxg5 Bxg5 19. f4 Be7 20. Rh1 g6 21. Qd2 Bf6 22. fxe5 dxe5 23. Qh6 Re8 24. Qxh7+ Kf8 25. Bb3 Re7 26. Bg5 Re6 1-0

[Event "Oberfranken-ch"]
[Site "Schney"]
[Date "2011.01.04"]
[Round "4"]
[White "Pfadenhauer, Johannes"]
[Black "Brueckner, Klaus"]
[Result "1/2-1/2"]
[WhiteElo "1926"]
[BlackElo "1881"]
[PlyCount "45"]
[EventDate "2011.01.03"]
[EventType "swiss"]
[EventRounds "7"]
[EventCountry "GER"]
[SourceTitle "EXT 2015"]
[Source "ChessBase"]
[SourceDate "2014.11.20"]
[SourceVersion "1"]
[SourceVersionDate "2014.11.20"]
[SourceQuality "1"]

1. d4 d5 2. c4 e5 3. dxe5 d4 4. Nf3 Nc6 5. g3 Be6 6. Nbd2 Qd7 7. Bg2 Bh3 8. 0-0 h5 9. Ne4 0-0-0 10. b4 Bxg2 11. Kxg2 Bxb4 12. Qb3 f5 13. Neg5 Bc5 14. e6 Qe7 15. Rb1 b6 16. Nf7 Nf6 17. Bg5 Qxe6 18. Nxh8 Rxh8 19. e3 Ne4 20. exd4 Nxd4 21. Nxd4 Bxd4 22. Be3 Nc5 23. Qc2 1/2-1/2

[Event "Oberfranken-ch M 0809"]
[Site "Schney"]
[Date "2009.01.02"]
[Round "2"]
[White "Brueckner, Klaus"]
[Black "Stingl, Karlheinz"]
[Result "1-0"]
[WhiteElo "1893"]
[BlackElo "1913"]
[PlyCount "65"]
[EventDate "2009.01.02"]
[EventType "swiss"]
[EventRounds "7"]
[EventCountry "GER"]
[SourceTitle "CBM 128 Extra"]
[Source "ChessBase"]
[SourceDate "2009.03.05"]
[SourceVersion "2"]
[SourceVersionDate "2009.03.25"]
[SourceQuality "1"]

1. d4 f5 2. e4 fxe4 3. Nc3 Nf6 4. Bg5 c6 5. f3 e3 6. Bd3 d6 7. Nge2 Qa5 8. Bxe3 Na6 9. 0-0 Nb4 10. Ne4 Nxd3 11. Qxd3 Bf5 12. N2g3 Bg6 13. Qe2 Qc7 14. c4 h6 15. Rfd1 Bf7 16. Rac1 Nd7 17. Bf4 0-0-0 18. d5 c5 19. Be3 Kb8 20. a3 g5 21. b4 b6 22. bxc5 bxc5 23. Qb2+ Ka8 24. Qxh8 Ne5 25. f4 gxf4 26. Bxf4 Ng6 27. Qh7 Be8 28. Bxh6 Bxh6 29. Qxh6 Ne5 30. Ng5 Qa5 31. Ne6 Rb8 32. Qd2 Bg6 33. Qxa5 1-0